Mil y tantos tiquismos (Registro nro. 13292)

Detalles MARC
000 -Cabecera
Campo de control de longitud fija 00507nam a22002177a 4500
005 - Fecha y hora de la última transacción
Campo de control 20250219140911.0
008 - Elementos de longitud fija--Información general
Campo de control de longitud fija 220328b2002 xxu||||| |||| 00| 0 spa d
020 ## - International Standard Book Number
Número Internacional Estándar del Libro (ISBN) 9968311812
041 ## - Idioma
Código de idioma Español
082 ## - Clasificación Decimal Dewey
Número de clasificación R 467.972.86 F386m
100 ## - Entrada principal--Autor personal
Nombre personal Ferrero, Luis
245 ## - Título propiamente dicho
Título Mil y tantos tiquismos
260 ## - Pie de imprenta
Lugar de publicación, distribución, etc. Costa Rica
260 ## - Pie de imprenta
Nombre del editor, distribuidor, etc. EUNED
260 ## - Pie de imprenta
Fecha de publicación, distribución, etc. 2002
300 ## - Descripción física
Extensión 288 páginas
650 ## - Materia general
Temática (materia general) COSTUMBRES
650 ## - Materia general
Temática (materia general) COSTARRIQUEÑISMOS
650 ## - Materia general
Temática (materia general) LENGUAJE POPULAR
942 ## - Punto de acceso adicional KOHA
Tipo de ítem KOHA Referencia
Fuente del sistema de clasificación o colocación Dewey Decimal Classification
Existencias
Signatura completa Código de barras Tipo de ítem
R 467.972.86 F386m 7732 Referencia